000 00697nam a2200205Ia 4500
008 100315s9999 xx 000 0 und d
040 _cENGLISH 
082 _b3391 
_a338.642 
100 _a"Desai, Vasant "
245 _aSmall Scale Enterprises : Towards Industrialisation
260 _aMumbai 
_bHimalaya Publishing House  
_c1999 
300 _a389p. 
365 _eRupees 
_d
_b0.00 
366 _f
505 _gTushar Jadhav 
620 _a"The Dispensers of indian Industrial Destiny, India's Business Families "
630 _aSmall Scale Enterprises : Towards Industrialisation
730 _aSmall Scale Enterprises : Towards Industrialisation
942 _cBOOK
999 _c478126
_d478123